Регионална библиотека "Любен Каравелов" - Русе

Работническото и комунистическото движение в Гърция на съвременния етап (Запис номер 356909)

MARC детайли
000 -Лидер
Контролно поле с фиксирана дължина nam a22 7a 4500
003 - Код на организацията, давaща контролен номер
Контролно поле BLK
005 - Дата и час на последна редакция
Контролно поле 20200423125133.0
008 - Елементи от данни с фиксирана дължина
fixed length control field 200423b bu ||||| |||| 00| 0 bu d
040 ## - Източник на каталожния запис
Идентификатор на билиотеката - собственик на записа BLK
041 ## - Код за език
Код за езика на текст/звукозапис или на отделно заглавие Български
Код за езика КДБФ Български
080 ## - УДК
Текстов определител УДК Партии и движения със социалистически и социалдемократически възгледи. Социалистически и социалдемократически партии. Вж и 327. 323
УДК код - определител по УДК 329.14
УДК определител (495)(075.4)(042.4)
УДК - код + определител 329.14(495)(075.4)(042.4)
100 ## - Редна дума - Автор
R(LIN) 386045
Автор Христакудис, Апостолос
Авторска отговорност първи автор
139 ## - Редно поле
Редна дума Христакудис, Апостолос
Авторски знак Хри - Х 76
245 ## - Сведения за заглавието
Заглавие Работническото и комунистическото движение в Гърция на съвременния етап
Подзаглавни данни Лекция
Редно поле (дума) Апостолос Христакудис
257 ## - Страна на издаване
Страна на създаване/издаване България
260 ## - Област на издателските данни
9 (RLIN) 216457
Име на издателя, разпространителя и проч. АОНСУ при ЦК на БКП
Година на издаване 1986
300 ## - Физическа характеристика
Страници 42 с.
Илюстрации и др. с табл.
Размери/Мащаб 20 см
380 ## - Жанр
Жанр Обществени науки
650 #7 - Допълнително описание по предмет – тема
9 (RLIN) 159105
Основно описание – тема или топоним Комунистически партии
653 #7 - Ключова дума – ненормативна
9 (RLIN) 195053
Ключова дума работническо движение
852 ## - Местоположение
Форматна сигнатура Цб 144630
Фондова буква Хранилище
999 ## - СИСТЕМНИ КОНТРОЛНИ НОМЕРА
Koha biblionumber 356909
Koha biblioitemnumber 356909
942 ## - АРТИКУЛИ
Вид на библиотечния материал Книги
Скрит в OPAC Не
Периодичен библиозапис Да
944 ## - СЪЗДАВАНЕ И РЕДАКЦИЯ на ЗАПИСА
Създаване/Редакция Създаване
Дата на регистрацията/редакция 2020-04-23
Служител, извършил регистрацията/редакцията К. Г.
Наличности
Код за отписване Код за изгубен артикул Източник на класификационната схема Код за повреда Код за отдаване Артикулен № Име на библиотеката - собственик Име на библиотеката, в която се намира в момента Статус (Текущо местоположение) Дата на вписване в системата Местоположение - отдел Цена в лева Инвентарен номер Систематично азбучна сигнатура Баркод Цена в евро Служебен тип на артикула
  Не е изгубен Universal Decimal Classification Не е повреден ползва се в читалня 764133 Регионална библиотека "Любен Каравелов" Русе Регионална библиотека "Любен Каравелов" Русе Хранилище 2020-04-23 Хранилище 0.26 457897 Цб 144630 120000457897 0.13 Книги
Vip Innovations Ltd, Rousse, Bulgaria 2025